Statistics for The Study Of

Click here to take the quiz!

General Stats

  • This quiz has been taken 32 times
    (27 since last reset)
  • The average score is 9 of 13

Answer Stats

NameStudy% Correct
ZoologyAnimals
96%
OceanographyOceans
96%
GeologyRocks
91%
VolcanologyVolcanoes
91%
EgyptologyEgypt
74%
GeographyLandforms/Countries
74%
BotanyPlants
74%
AstronomySpace
74%
BiologyLife
70%
AnthropologyCultures
52%
EcologyEcosystems
52%
EntomologyInsects
48%
CryptologyCodes
30%

Score Distribution

Percentile by Number Answered

Percent of People with Each Score

Your Score History

You have not taken this quiz since the last reset